| 000 | 00513nam a22001817a 4500 | ||
|---|---|---|---|
| 005 | 20260204123018.0 | ||
| 010 | _aENG-147736 | ||
| 020 |
_a9789380707969 _c445.00 |
||
| 035 | _aEN-131268 | ||
| 037 | _bDBAD | ||
| 082 | _aN | ||
| 100 |
_aFitzgerald ,F .Scott _987121 |
||
| 245 |
_aThe Great Gatsby / _cby F . Scott Fitzgerald |
||
| 260 |
_aNew Delhi _bGlobal Vision Press _c2024 |
||
| 270 |
_a4855/24 , Ansari Road , Daryaganj _bNew Delhi _e110002 |
||
| 300 |
_a132p. _b22cm(HB) |
||
| 942 |
_2ddc _cEN _hN _mFIT |
||
| 999 |
_c214668 _d214668 |
||